Vers le sud Heading south = Το κάλεσμα του νότου
Στο εξωτικό νησί της Αϊτής, τρεις βορειοαμερικάνες αναζητούν μετά μανίας στις καλοκαιρινές τους διακοπές τον έρωτα, συνάπτοντας σχέσεις με τους ντόπιους, στις περισσότερες των περιπτώσεων, έναντι χρηματικής ανταμοιβής. Για την δυναμική Έλεν, την εύθραυστη Μπρέντα και την συνεσταλμένη και ήπιων τόνων...
Αποθηκεύτηκε σε:
| Άλλοι συγγραφείς: | , , , |
|---|---|
| Μορφή: | |
| Γλώσσα: | French English Greek |
| Δημοσίευση: |
Αθήνα :
Audio Visual Enterprises [Εταιρεία διανομής],
c2006.
|
| Θέματα: | |
| Ετικέτες: |
Προσθήκη ετικέτας
Δεν υπάρχουν, Καταχωρήστε ετικέτα πρώτοι!
|
MARC
| LEADER | 00000cgm a2200000 i 4500 | ||
|---|---|---|---|
| 001 | 1/3721 | ||
| 008 | 100127s2006 gr ||| | || ||fre|| | ||
| 035 | |l 10106476 | ||
| 040 | |a GR-MyUa |b gre |e AACR2 | ||
| 041 | 0 | |a fre |a eng |j gre | |
| 082 | 7 | |a 791.437 |2 (22) | |
| 245 | 0 | 0 | |a Vers le sud |h [μαγνητοσκόπηση] = |b Heading south = Το κάλεσμα του νότου / |c directed by Laurent Cantet. |
| 246 | 1 | |i Παράλληλος τίτλος: |a Heading south | |
| 246 | 1 | |i Παράλληλος τίτλος: |a Το κάλεσμα του νότου | |
| 260 | |a Αθήνα : |b Audio Visual Enterprises [Εταιρεία διανομής], |c c2006. | ||
| 300 | |a 1 βιντεοδίσκος (105 λεπτ.) : |b ομίλ., έγχρ. ; |c 4 3/4 ίν. | ||
| 500 | |a Κυκλοφόρησε πρώτη φορά ως κινηματογραφική ταινία το 2005. | ||
| 508 | |a Διεύθυνση φωτογραφίας, Pierre Milon ; μοντάζ, Robin Campillo ; σχεδιασμός παραγωγής, Jacques Ahrex ; παραγωγή, Caroline Benjo ; από το βιβλίο του Dany Laferriere. | ||
| 511 | 0 | |a Charlotte Ramping, Karen Young, Louise Portal, Menothy Cesar, Lys Ambroise. | |
| 520 | 8 | |a Στο εξωτικό νησί της Αϊτής, τρεις βορειοαμερικάνες αναζητούν μετά μανίας στις καλοκαιρινές τους διακοπές τον έρωτα, συνάπτοντας σχέσεις με τους ντόπιους, στις περισσότερες των περιπτώσεων, έναντι χρηματικής ανταμοιβής. Για την δυναμική Έλεν, την εύθραυστη Μπρέντα και την συνεσταλμένη και ήπιων τόνων Σου, το νησί αποτελεί ερωτικό παράδεισο γι' αυτές, μια ανάσα στο αδιέξοδο που έχουν δημιουργήσει οι προβληματικές σχέσεις τους με τους άντρες, πίσω στην πατρίδα. | |
| 521 | 8 | |a Ακατάλληλη κάτω των 17 ετών. | |
| 546 | |a Στα γαλλικά και αγγλικά με υπότιτλους στα ελληνικά. | ||
| 586 | 8 | |a 2 Βραβεία, Φεστιβάλ Βενετίας, 2005 | |
| 650 | 0 | |a Women |x Recreation |v Drama. | |
| 655 | 7 | |a Feature films |2 lcgft | |
| 700 | 1 | |a Cantet, Laurent, |e drt | |
| 700 | 1 | |a Rampling, Charlotte, |d 1946- |e act | |
| 700 | 1 | |a Portal, Louise, |e act | |
| 700 | 1 | |a Young, Karen, |d 1959- |e act | |
| 852 | |a INST |b SYROS |c AV |e 20100127 |h 791.437 CAN |p 005500007899 |q 005500007899 |t DVD |y 23 | ||
| 901 | |a BIBL5-2008-1 | ||
| 922 | |a 5ΕΛΗ |b 200810 |c Βιβλιοθήκη Σύρου |d DVD Club Enter | ||
| 970 | |a Κοντού |b Παρασκευή |z 27/01/2010 | ||